<?xml version="1.0" encoding="UTF-8"?>
<record
    xmlns:xsi="http://www.w3.org/2001/XMLSchema-instance"
    xsi:schemaLocation="http://www.loc.gov/MARC21/slim http://www.loc.gov/standards/marcxml/schema/MARC21slim.xsd"
    xmlns="http://www.loc.gov/MARC21/slim">

  <leader>00592nam a22001337a 4500</leader>
  <datafield tag="040" ind1=" " ind2=" ">
    <subfield code="c">RUA</subfield>
  </datafield>
  <datafield tag="082" ind1=" " ind2=" ">
    <subfield code="a">AGR RAT 2017 B655 Or.1</subfield>
  </datafield>
  <datafield tag="100" ind1=" " ind2=" ">
    <subfield code="a">RATH SREYMOM, &#x179A;&#x17D0;&#x178F;&#x17D2;&#x1793; &#x179F;&#x17D2;&#x179A;&#x17B8;&#x1798;&#x17BB;&#x17C6;</subfield>
  </datafield>
  <datafield tag="245" ind1=" " ind2=" ">
    <subfield code="a">comp arison of bok choy (brassica rapa ) cultivars on growth and yield ,&#x1780;&#x17B6;&#x179A;&#x1794;&#x17D2;&#x179A;&#x17C0;&#x1794;&#x1792;&#x17C0;&#x1794;&#x1796;&#x17BC;&#x1787;&#x179F;&#x17D2;&#x1796;&#x17C3;&#x178F;&#x17BF;&#x179B;&#x17BE;&#x1780;&#x17B6;&#x179A;&#x179B;&#x17BC;&#x178F;&#x179B;&#x17B6;&#x179F;&#x17CB;&#x1793;&#x17B7;&#x1784;&#x1791;&#x17B7;&#x1793;&#x17D2;&#x1793;&#x1795;&#x179B;</subfield>
  </datafield>
  <datafield tag="260" ind1=" " ind2=" ">
    <subfield code="a">phnom penh</subfield>
    <subfield code="b">RUA</subfield>
    <subfield code="c">2017</subfield>
  </datafield>
  <datafield tag="300" ind1=" " ind2=" ">
    <subfield code="a">ix; 38p;</subfield>
    <subfield code="b">ill;</subfield>
    <subfield code="c">29cm;</subfield>
  </datafield>
  <datafield tag="856" ind1=" " ind2=" ">
    <subfield code="u">https://drive.google.com/file/d/1gf8uB57PtgmiQ7hZiJPynU6WIoUPOjf9/view?usp=sharing</subfield>
  </datafield>
  <datafield tag="942" ind1=" " ind2=" ">
    <subfield code="c">AGR</subfield>
  </datafield>
  <datafield tag="999" ind1=" " ind2=" ">
    <subfield code="c">18765</subfield>
    <subfield code="d">18765</subfield>
  </datafield>
  <datafield tag="952" ind1=" " ind2=" ">
    <subfield code="0">0</subfield>
    <subfield code="1">0</subfield>
    <subfield code="2">ddc</subfield>
    <subfield code="4">0</subfield>
    <subfield code="6">AGR_RAT_2017_000000000000000_B655_OR_1</subfield>
    <subfield code="7">0</subfield>
    <subfield code="9">83246</subfield>
    <subfield code="a">LBB</subfield>
    <subfield code="b">LBB</subfield>
    <subfield code="c">B655</subfield>
    <subfield code="d">2020-01-21</subfield>
    <subfield code="o">AGR RAT 2017 B655 Or.1</subfield>
    <subfield code="p">A43471</subfield>
    <subfield code="r">2020-01-21</subfield>
    <subfield code="w">2020-01-21</subfield>
    <subfield code="y">AGR</subfield>
  </datafield>
  <datafield tag="952" ind1=" " ind2=" ">
    <subfield code="0">0</subfield>
    <subfield code="1">0</subfield>
    <subfield code="2">ddc</subfield>
    <subfield code="4">0</subfield>
    <subfield code="6">AGR_RAT_2017_000000000000000_B655_OR_2</subfield>
    <subfield code="7">0</subfield>
    <subfield code="9">83247</subfield>
    <subfield code="a">LBB</subfield>
    <subfield code="b">LBB</subfield>
    <subfield code="c">B655</subfield>
    <subfield code="d">2020-01-21</subfield>
    <subfield code="o">AGR RAT 2017 B655 Or.2</subfield>
    <subfield code="p">A42817</subfield>
    <subfield code="r">2020-01-21</subfield>
    <subfield code="w">2020-01-21</subfield>
    <subfield code="y">AGR</subfield>
  </datafield>
  <datafield tag="952" ind1=" " ind2=" ">
    <subfield code="0">0</subfield>
    <subfield code="1">0</subfield>
    <subfield code="2">ddc</subfield>
    <subfield code="4">0</subfield>
    <subfield code="6">AGR_RAT_2017_000000000000000_B655_OR_3</subfield>
    <subfield code="7">0</subfield>
    <subfield code="9">83248</subfield>
    <subfield code="a">LBB</subfield>
    <subfield code="b">LBB</subfield>
    <subfield code="c">B655</subfield>
    <subfield code="d">2020-01-21</subfield>
    <subfield code="o">AGR RAT 2017 B655 Or.3</subfield>
    <subfield code="p">A44410</subfield>
    <subfield code="r">2020-01-21</subfield>
    <subfield code="w">2020-01-21</subfield>
    <subfield code="y">AGR</subfield>
  </datafield>
  <datafield tag="952" ind1=" " ind2=" ">
    <subfield code="0">0</subfield>
    <subfield code="1">0</subfield>
    <subfield code="2">ddc</subfield>
    <subfield code="4">0</subfield>
    <subfield code="6">AGR_RAT_2017_000000000000000_B655_OR_4</subfield>
    <subfield code="7">0</subfield>
    <subfield code="9">83249</subfield>
    <subfield code="a">LBB</subfield>
    <subfield code="b">LBB</subfield>
    <subfield code="c">B655</subfield>
    <subfield code="d">2020-01-21</subfield>
    <subfield code="o">AGR RAT 2017 B655 Or.4</subfield>
    <subfield code="p">A44415</subfield>
    <subfield code="r">2020-01-21</subfield>
    <subfield code="w">2020-01-21</subfield>
    <subfield code="y">AGR</subfield>
  </datafield>
  <datafield tag="952" ind1=" " ind2=" ">
    <subfield code="0">0</subfield>
    <subfield code="1">0</subfield>
    <subfield code="2">ddc</subfield>
    <subfield code="4">0</subfield>
    <subfield code="6">AGR_RAT_2017_000000000000000_B655_OR_5</subfield>
    <subfield code="7">0</subfield>
    <subfield code="9">83250</subfield>
    <subfield code="a">LBB</subfield>
    <subfield code="b">LBB</subfield>
    <subfield code="c">B655</subfield>
    <subfield code="d">2020-01-21</subfield>
    <subfield code="o">AGR RAT 2017 B655 Or.5</subfield>
    <subfield code="p">A44210</subfield>
    <subfield code="r">2020-01-21</subfield>
    <subfield code="w">2020-01-21</subfield>
    <subfield code="y">AGR</subfield>
  </datafield>
  <datafield tag="952" ind1=" " ind2=" ">
    <subfield code="0">0</subfield>
    <subfield code="1">0</subfield>
    <subfield code="2">ddc</subfield>
    <subfield code="4">0</subfield>
    <subfield code="6">AGR_RAT_2017_000000000000000_B655_OR_6</subfield>
    <subfield code="7">0</subfield>
    <subfield code="9">83251</subfield>
    <subfield code="a">LBB</subfield>
    <subfield code="b">LBB</subfield>
    <subfield code="c">B655</subfield>
    <subfield code="d">2020-01-21</subfield>
    <subfield code="o">AGR RAT 2017 B655 Or.6</subfield>
    <subfield code="p">A44250</subfield>
    <subfield code="r">2020-01-21</subfield>
    <subfield code="w">2020-01-21</subfield>
    <subfield code="y">AGR</subfield>
  </datafield>
</record>
